000 00502nam a2200157Ia 4500
008 100204s9999 xx 000 0 und d
082 _b27411
100 _aपित्रे ऋता
245 _aबहिणाईची गाणी एक अभ्यास
250 _a0
260 _c2002-2
300 _a111
630 _aबहिणाईची गाणी एक अभ्यास
730 _aबहिणाईची गाणी एक अभ्यास
942 _cBOOK
999 _c472592
_d472589